banner-ar

اعيان القرن الثالث عشر فى الفكر والسياسة والاجتماع / (Record no. 44505)

MARC details
000 -الفاتح
حقل البيانات ثابتة الطول 00669nam a2200181Ia 4500
005 - وقت وتاريخ اخر تعامل مع التسجيلة
رقم الضبط 20240530104101.0
008 - عناصر البيانات ثابتة الطول - معلومات عامة
حقل البيانات ثابتة الطول 140319s1971 le 001 0 ara d
040 ## - مصدر الفهرسة
وكالة الفهرسة الأصلية GCL /
وكالة النسخ GCL
082 04 - رقم تصنيف ديوى العشرى
رقم التصنيف 920.71/
رقم المادة م أ
100 1# - المدخل الرئيسى - إسم شخصى
الإسم الشخصى مردم، خليل
245 10 - بيان العنوان
العنوان اعيان القرن الثالث عشر فى الفكر والسياسة والاجتماع /
بيان المسئوليه,etc تاليف خليل مردم
260 ## - PUBLICATION, DISTRIBUTION, ETC. (IMPRINT)
تاريخ النشر أو التوزيع 1971.
300 ## - الوصف المادى
التعداد 328 ص. ؛
أبعاد الوعاء 24 سم.
650 07 - المدخل الاضافى بالموضوع-مصطلح موضوعى
مصدر الرأس أو المصطلح qrmak
مصطلح موضوعي الرجال
التقسيم الفرعي الشكلي تراجم
التقسيم الفرعي الزمني القرن الثالث عشر
650 07 - المدخل الاضافى بالموضوع-مصطلح موضوعى
مصدر الرأس أو المصطلح qrmak
مصطلح موضوعي علماء الاجتماع
التقسيم الفرعي العام تراجم
942 ## - عناصر المدخل الإضافي( كوها)
مصدر التصنيف او مخطط الترفيف Dewey Decimal Classification
Koha [default] item type كتاب
260 ## - PUBLICATION, DISTRIBUTION, ETC. (IMPRINT)
-- بيروت :
-- لجنة التراث العربى،
Holdings
حالة التراجع حالة الفقد مصدر التصنيف او خطة الترفيف حالة تلف ليس للاعارة المكان المؤقت الموقع الحالى موقع الترفيف تاريخ الاكتساب اجمالي اﻻعارات رقم الطلب الباركود تاريخ اخر مشاهدة تاريخ تفعيل السعر نوع وعاء كوها
    ddc     مكتبة القاهرة الكبرى مكتبة القاهرة الكبرى القاعة الرئيسية 03/26/2014   920.71\م أ 108580 03/26/2014 03/26/2014 كتاب
    ddc     مكتبة القاهرة الكبرى مكتبة القاهرة الكبرى القاعة الرئيسية 03/26/2014   920.71\م أ 108581 03/26/2014 03/26/2014 كتاب

Powered By

EGPV